Catálogo

Más allá de la materia : (Registro nro. 40130)

Detalles MARC
000 -LEADER
fixed length control field 01385cam a2200361 i 4500
001 - CONTROL NUMBER
control field 40130
003 - CONTROL NUMBER IDENTIFIER
control field Mx-PuUPA
005 - DATE AND TIME OF LATEST TRANSACTION
control field 20250206105909.0
008 - FIXED-LENGTH DATA ELEMENTS--GENERAL INFORMATION
fixed length control field 140415s2020 sp gr 000 0 spa d
017 ## - COPYRIGHT OR LEGAL DEPOSIT NUMBER
Copyright or legal deposit number BI-667-2020
020 ## - INTERNATIONAL STANDARD BOOK NUMBER
International Standard Book Number 9788484688297
Qualifying information U. P. Comillas
020 ## - INTERNATIONAL STANDARD BOOK NUMBER
International Standard Book Number 9788429329735
Qualifying information Editorial Sal Terrae
040 ## - CATALOGING SOURCE
Original cataloging agency Mx-PuUPA
Language of cataloging spa
Transcribing agency Mx-PuUPA
Modifying agency Mx-PuUPA
Description conventions rda
041 1# - LANGUAGE CODE
Language code of text/sound track or separate title spa
Language code of original eng
100 1# - MAIN ENTRY--PERSONAL NAME
Personal name Trigg, Roger,
Dates associated with a name 1941-
9 (RLIN) 295
Relator term autor
240 10 - UNIFORM TITLE
Uniform title Beyond matter : Why science needs metaphysics.
Language of a work Español
245 10 - TITLE STATEMENT
Title Más allá de la materia :
Remainder of title ¿por qué la ciencia necesita la metafísica? /
Statement of responsibility, etc. Roger Trigg ; Blanca Arias Badia
264 #1 - PRODUCTION, PUBLICATION, DISTRIBUTION, MANUFACTURE, AND COPYRIGHT NOTICE
Place of production, publication, distribution, manufacture Madrid :
Name of producer, publisher, distributor, manufacturer Universidad Pontificia Comillas : Editorial Sal Terrae,
Date of production, publication, distribution, manufacture, or copyright notice 2020
300 ## - PHYSICAL DESCRIPTION
Extent xii, 163 páginas ;
Dimensions 22 cm
336 ## - CONTENT TYPE
Fuente rdacontent
Content type term texto
Content type code txt
337 ## - MEDIA TYPE
Source rdamedia
Media type term sin medio
Media type code n
338 ## - CARRIER TYPE
Source rdacarrier
Carrier type term volumen
Carrier type code nc
490 0# - SERIES STATEMENT
Series statement Colección Ciencia y Religión ;
Volume/sequential designation 22
650 #7 - SUBJECT ADDED ENTRY--TOPICAL TERM
Source of heading or term armarc
9 (RLIN) 13986
Topical term or geographic name entry element Filosofía de la ciencia
650 #7 - SUBJECT ADDED ENTRY--TOPICAL TERM
Source of heading or term armarc
Topical term or geographic name entry element Metafísica
650 #7 - SUBJECT ADDED ENTRY--TOPICAL TERM
Source of heading or term armarc
Topical term or geographic name entry element Materia
650 #7 - SUBJECT ADDED ENTRY--TOPICAL TERM
Source of heading or term armarc
Topical term or geographic name entry element Ciencia
General subdivision Filosofía
700 1# - ADDED ENTRY--PERSONAL NAME
Personal name Arias Badia, Blanca,
Relator term traductor
765 0# - ORIGINAL LANGUAGE ENTRY
Main entry heading Trigg, Roger, 1941-
Place, publisher, and date of publication [Espapa?] : Templeton Press, ©2015
Title Beyond matter : Why science needs metaphysics.
942 ## - ADDED ENTRY ELEMENTS (KOHA)
Source of classification or shelving scheme Dewey Decimal Classification
Koha item type Libro
Classification part 110
Item part T85
Existencias
Withdrawn status Lost status Source of classification or shelving scheme Damaged status Not for loan Collection code Home library Current library Shelving location Date acquired Source of acquisition Total Checkouts Full call number Barcode Date last seen Price effective from Koha item type
    Dewey Decimal Classification     General Centro de Estudios en Ciencia y Religión Centro de Estudios en Ciencia y Religión Sala general 03/12/2013 Compra   110 T85 2020 60237 05/01/2026 03/12/2013 Libro